Sports Quiz

Random Sports or NCAA Quiz

Multiple Championship Coaches NCAA Quiz Stats

 Plays Quiz not verified by Sporcle

Support Sporcle.
Go Orange.
Score 0/13 Timer 03:00
0 Plays Today
% Correct
John Wooden
96.1%
Dean Smith
84.3%
Roy Williams
84.3%
Bob Knight
76.5%
Jim Calhoun
72.5%
Mike Krzyzewski
60.8%
Adolph Rupp
60.8%
Billy Donovan
51%
Denny Crum
33.3%
Henry Iba
25.5%
Branch McCracken
9.8%
Ed Jucker
7.8%
Phil Woolpert
7.8%

You're not logged in!

Compare scores with friends on all Sporcle quizzes.
OR
Log In

From the Vault

VH1 100 Greatest Artists (Then & Now)

by CUYanks

If these are really all-time lists, Mozart got seriously disrespected here.
Remove Ads.
Support Sporcle.
Get the best of Sporcle when you Go Orange. This ad-free experience offers more features, more stats, and more fun while also helping to support Sporcle. Thank you for becoming a member.

Show Comments

Extras

Top Quizzes Today


Score Distribution

Your Account Isn't Verified!

In order to create a playlist on Sporcle, you need to verify the email address you used during registration. Go to your Sporcle Settings to finish the process.

Report this User

Report this user for behavior that violates our Community Guidelines.

Details: